=LDR 00000nam 2200000 4500 =001 INLIS000000000044729 =005 20131008110636 =008 ***********************************Ind** =035 ##$$a0010-101300000002651 =041 ##$$a Ind =082 ##$$a 809.5 =090 ##$$a 809.5, Leb b1 =100 ##$$a Lebang, Tomi =245 ##$$a Berbekal Seribu Akal Pemerintahan Dengan Logika : Sari Pati Pidato Wakil Presiden Jusuf Kalla, Tomi Lebang =260 ##$$a 2006 $b Jakarta =300 ##$$a XXXVii, 293 hlm, 25 Cm =850 ##$$a NNT-CD =990 ##$$a 21195852/BPAP-NTB/2014 =990 ##$$a 0001/BPAP-NTB/20142014 =990 ##$$a 07940794 =990 ##$$a 01201900794 =990 ##$$a 21195852/BPAP-NTB/2014 =990 ##$$a 0001/BPAP-NTB/20142014